Orchids of Sumatra

Bibliographic Details
Main Author: COMBER
Format: Book
Published: Kota Kinabalu, Sabah : Natural History Pub. , 2001
Subjects:

MARC

LEADER 00000cam a2200000 7i4500
001 0000002000
005 20020731.0
020 0 0 |a 983812043X 
090 0 0 |a R584.409581   |b COM 2001 
100 1 0 |a COMBER   |h J. B. 
245 1 0 |a Orchids of Sumatra   |c J. B. Comber; with photographs by J. B. Comber ... (et al.) 
260 0 0 |a Kota Kinabalu, Sabah :   |b Natural History Pub. ,   |c 2001 
300 |a ix, 1026 p. :   |b col. ill. ;   |c 26 cm. 
500 0 0 |a Includes index 
650 0 0 |a Orchids   |x Varieties   |z Sumatra (Indonesia) 
650 0 0 |a Orchids   |z Sumatra (Indonesia) 
998 |a JPSM 
999 |a 0000003349   |b Monograph   |c Reference   |e Default branch